[Event "Gran Canaria U1900 op"]
[Site "Gran Canaria"]
[Date "2023.01.03"]
[Round "6"]
[White "Jimenez Castro, Jose Daniel"]
[Black "Fernandez de la Hoz A, Carlos"]
[Result "0-1"]
[WhiteElo "1231"]
[BlackElo "1628"]
[PlyCount "64"]
[EventDate "2022.12.27"]
[EventType "swiss"]
[EventRounds "7"]
[EventCountry "ESP"]
[SourceTitle "CBM 212 Extra"]
[Source "ChessBase"]
[SourceDate "2023.03.31"]
[SourceVersion "1"]
[SourceVersionDate "2023.03.31"]
[SourceQuality "1"]

1. e4 g6 2. d4 Bg7 3. Nf3 b6 4. Nc3 Bb7 5. Bc4 e6 6. e5 d5 7. Be2 a6 8. Be3 Nd7 9. Rb1 c5 10. a4 Ne7 11. Qd2 cxd4 12. Bxd4 Nf5 13. b4 Nxd4 14. Qxd4 Qc7 15. Rb3 Nxe5 16. Nxe5 Bxe5 17. Qd3 0-0 18. Bd1 Rac8 19. Ne2 d4 20. 0-0 Bxh2+ 21. Kh1 Be5 22. Nxd4 Rfd8 23. c3 Bg7 24. Qh3 Bd5 25. Ra3 Bc4 26. Re1 Qf4 27. Qf3 Qh6+ 28. Kg1 Bxd4 29. cxd4 Rxd4 30. Qb7 Rcd8 31. Bc2 Rh4 32. f3 Rhd4 0-1

[Event "Gran Canaria Santana Memorial 7th"]
[Site "Gran Canaria"]
[Date "2019.11.12"]
[Round "3"]
[White "Alba Santana, Cayetano"]
[Black "Fernandez de la Hoz A, Carlos"]
[Result "1-0"]
[WhiteElo "1818"]
[BlackElo "1676"]
[PlyCount "83"]
[EventDate "2019.11.05"]
[EventType "swiss"]
[EventRounds "7"]
[EventCountry "ESP"]
[SourceTitle "CBM 193 Extra"]
[Source "ChessBase"]
[SourceDate "2020.01.31"]
[SourceVersion "1"]
[SourceVersionDate "2020.01.31"]
[SourceQuality "1"]

1. c4 g6 2. Nc3 Bg7 3. g3 Nf6 4. Bg2 d6 5. d3 e5 6. h4 c6 7. Bg5 h6 8. Bd2 Be6 9. Qc2 Nbd7 10. Rb1 0-0 11. b4 d5 12. c5 d4 13. Nd1 Bd5 14. f3 Nh5 15. g4 Nf4 16. Kf1 f5 17. Bxf4 exf4 18. Nf2 fxg4 19. fxg4 Ne5 20. Bxd5+ Qxd5 21. Qb3 Qxb3 22. Rxb3 f3 23. exf3 Nxf3 24. Nxf3 Rxf3 25. Rh3 Rxh3 26. Nxh3 Bf6 27. h5 gxh5 28. gxh5 Re8 29. a4 Re5 30. Nf2 Rxh5 31. Ne4 Be5 32. b5 Rf5+ 33. Kg2 Kf8 34. bxc6 bxc6 35. Rb7 Rf7 36. Rb1 Kg7 37. a5 Kg6 38. a6 h5 39. Rb7 Rf8 40. Rxa7 Rg8 41. Kh3 Kh6 42. Re7 1-0

[Event "Liga Insular Gran Canaria Preferente"]
[Site "Las Palmas"]
[Date "2019.03.23"]
[Round "4.1"]
[White "Fernandez de la Hoz A, Carlos"]
[Black "Sosa Suarez, Carla Cristina"]
[Result "0-1"]
[WhiteElo "1755"]
[BlackElo "1981"]
[PlyCount "60"]
[EventDate "2019.03.02"]
[EventType "team-tourn"]
[EventRounds "9"]
[EventCountry "ESP"]
[SourceTitle "EXT 2021"]
[Source "ChessBase"]
[SourceDate "2020.10.23"]
[SourceVersion "1"]
[SourceVersionDate "2020.10.23"]
[SourceQuality "1"]
[WhiteTeam "Mogan"]
[BlackTeam "Sociedad La Montana"]
[WhiteTeamCountry "ESP"]
[BlackTeamCountry "ESP"]

1. d4 e6 2. Nf3 d5 3. e3 f5 4. Bd3 Nf6 5. Nbd2 Bd6 6. c4 c6 7. Qe2 Nbd7 8. h3 Ne4 9. c5 Bc7 10. g4 0-0 11. g5 Nxg5 12. Nxg5 Qxg5 13. Nf3 Qf6 14. Bd2 b6 15. Bc3 Qe7 16. Rg1 Nf6 17. b3 bxc5 18. dxc5 e5 19. Nd2 Qxc5 20. Rc1 Qe7 21. Ba1 c5 22. Bb1 Bd6 23. Nf1 f4 24. h4 e4 25. Qd2 fxe3 26. fxe3 Be6 27. Rg5 Rf7 28. Qg2 Raf8 29. Ke2 Ng4 30. Bxg7 Rxg7 0-1

[Event "Gran Canaria Cabildo op"]
[Site "Gran Canaria"]
[Date "2019.03.22"]
[Round "4"]
[White "Monteiro Rodrigues, Carlos"]
[Black "Fernandez de la Hoz A, Carlos"]
[Result "0-1"]
[WhiteElo "1394"]
[BlackElo "1755"]
[PlyCount "96"]
[EventDate "2019.03.12"]
[EventType "swiss"]
[EventRounds "7"]
[EventCountry "ESP"]
[SourceTitle "CBM 189 Extra"]
[Source "ChessBase"]
[SourceDate "2019.06.03"]
[SourceVersion "1"]
[SourceVersionDate "2019.06.03"]
[SourceQuality "1"]

1. e4 g6 2. d4 Bg7 3. Nf3 d6 4. Nc3 c6 5. Bc4 b5 6. Bb3 Nf6 7. 0-0 0-0 8. h3 b4 9. Na4 Nxe4 10. Re1 Nf6 11. Be3 h6 12. Qc1 Kh7 13. c4 bxc3 14. Nxc3 Nbd7 15. Bc2 Nb6 16. b3 Nbd5 17. Bd3 Nxe3 18. fxe3 Bd7 19. Qc2 Rc8 20. e4 Nh5 21. Qd2 c5 22. Ne2 cxd4 23. g4 Nf6 24. Rac1 Qb6 25. Kg2 Rxc1 26. Rxc1 Bc6 27. Ng3 Ba8 28. g5 Nd7 29. gxh6 Bxh6 30. Ng5+ Kg7 31. Rf1 Qc5 32. h4 Bxg5 33. hxg5 Qc3 34. Qf4 Qxd3 35. Rh1 Bxe4+ 36. Nxe4 Qe2+ 37. Nf2 Ne5 38. Qxd4 Rc8 39. Rh3 Rc2 40. Qh4 Qg4+ 41. Qxg4 Nxg4 42. Rf3 Rxa2 43. Kg3 Nxf2 44. Rxf2 Rxf2 45. Kxf2 a5 46. Ke3 e5 47. Ke4 f5+ 48. gxf6+ Kxf6 0-1

[Event "Gran Canaria Cabildo op"]
[Site "Gran Canaria"]
[Date "2019.03.19"]
[Round "3"]
[White "Fernandez de la Hoz A, Carlos"]
[Black "Garcia Almeida, Aitana Maria"]
[Result "0-1"]
[WhiteElo "1755"]
[BlackElo "1603"]
[PlyCount "98"]
[EventDate "2019.03.12"]
[EventType "swiss"]
[EventRounds "7"]
[EventCountry "ESP"]
[SourceTitle "CBM 189 Extra"]
[Source "ChessBase"]
[SourceDate "2019.06.03"]
[SourceVersion "1"]
[SourceVersionDate "2019.06.03"]
[SourceQuality "1"]

1. e4 g6 2. Nc3 Bg7 3. Bc4 c6 4. Nf3 e6 5. 0-0 d5 6. exd5 exd5 7. Bb3 Ne7 8. d4 Bg4 9. Bg5 0-0 10. h3 Bxf3 11. Qxf3 Bxd4 12. Rad1 Bg7 13. Rfe1 f6 14. Bf4 Kh8 15. g4 Nd7 16. Bc1 Ne5 17. Qg2 Qc7 18. Ne2 f5 19. Nf4 fxg4 20. Ne6 Qd7 21. Nxf8 Rxf8 22. Rxe5 Bxe5 23. hxg4 b5 24. c4 bxc4 25. Bxc4 Qb7 26. Bb3 Bf4 27. Qh3 Qb6 28. Qc3+ Kg8 29. Rf1 Bxc1 30. Qxc1 Qd4 31. Qe3 Qxg4+ 32. Kh2 Qf4+ 33. Qg3 Qxg3+ 34. Kxg3 Nf5+ 35. Kg2 Nd4 36. Ba4 c5 37. Rc1 c4 38. Rd1 Rf4 39. Bd7 Kf7 40. Rh1 h5 41. Rd1 Ke7 42. Bc8 Kd6 43. Kg3 Ne2+ 44. Kg2 Rd4 45. Re1 Nf4+ 46. Kf3 g5 47. Re8 Kc5 48. Re7 Kd6 49. Rxa7 Rd3# 0-1

[Event "Liga Insular Gran Canaria Preferente"]
[Site "Las Palmas"]
[Date "2019.03.16"]
[Round "3.1"]
[White "Natalicchio Escalante, Ricardo Nicolas"]
[Black "Fernandez de la Hoz A, Carlos"]
[Result "1-0"]
[WhiteElo "2189"]
[BlackElo "1755"]
[PlyCount "65"]
[EventDate "2019.03.02"]
[EventType "team-tourn"]
[EventRounds "9"]
[EventCountry "ESP"]
[SourceTitle "EXT 2021"]
[Source "ChessBase"]
[SourceDate "2020.10.23"]
[SourceVersion "1"]
[SourceVersionDate "2020.10.23"]
[SourceQuality "1"]
[WhiteTeam "Anand"]
[BlackTeam "Mogan"]
[WhiteTeamCountry "ESP"]
[BlackTeamCountry "ESP"]

1. d4 g6 2. c4 Bg7 3. Nc3 Nf6 4. e4 d6 5. Nf3 c6 6. Be2 0-0 7. 0-0 Nbd7 8. h3 e5 9. Be3 Nh5 10. dxe5 dxe5 11. c5 Nf4 12. Bc4 Qe7 13. b4 Nf6 14. Re1 Rd8 15. Qb3 N6h5 16. Rad1 Nxh3+ 17. gxh3 Bxh3 18. Ng5 Nf4 19. Bxf4 exf4 20. Nxh3 Qh4 21. Bxf7+ Kh8 22. Be6 f3 23. e5 Rf8 24. Re4 Qh6 25. Qc4 g5 26. Rg4 Qxh3 27. Rxg5 Qh6 28. Qg4 Rae8 29. Rd6 Bxe5 30. Rxe5 Qc1+ 31. Nd1 Rxe6 32. Qxe6 Rg8+ 33. Kf1 1-0

[Event "Gran Canaria Dominguez Memorial 3rd"]
[Site "Gran Canaria"]
[Date "2016.05.31"]
[Round "5"]
[White "Diaz Mendoza, Eladio"]
[Black "Fernandez de la Hoz A, Carlos"]
[Result "0-1"]
[WhiteElo "1576"]
[BlackElo "1699"]
[PlyCount "130"]
[EventDate "2016.05.17"]
[EventType "swiss"]
[EventRounds "7"]
[EventCountry "ESP"]
[SourceTitle "CBM 172 Extra"]
[Source "ChessBase"]
[SourceDate "2016.06.21"]
[SourceVersion "1"]
[SourceVersionDate "2016.06.21"]
[SourceQuality "1"]

1. e4 d6 2. d4 Nf6 3. Bd3 g6 4. f4 c5 5. c3 cxd4 6. cxd4 Bg7 7. Nf3 0-0 8. 0-0 Nc6 9. Nc3 Qb6 10. Ne2 e5 11. fxe5 dxe5 12. Bc2 Ng4 13. h3 Nxd4 14. Kh1 Nf2+ 15. Rxf2 Nxc2 16. Qxc2 Qxf2 17. Kh2 Be6 18. Bg5 Rac8 19. Qd2 Qb6 20. Nc3 f6 21. Be3 Qa5 22. a3 a6 23. b4 Qd8 24. Qe1 Rxc3 25. Qxc3 Qc8 26. Qb2 h6 27. Rc1 Qb8 28. Bc5 Rd8 29. Bb6 Rd7 30. Qe2 Qe8 31. Rc5 Bf8 32. Rc3 Qf7 33. Nh4 Kh7 34. Qf2 Rd6 35. Bc5 Rc6 36. Qd2 Bxc5 37. Rxc5 Rxc5 38. bxc5 Qd7 39. Qb4 Qb5 40. Qc3 Qc4 41. Qa5 Qd3 42. Nf3 g5 43. Qb6 Qd7 44. a4 Kg6 45. a5 Qc6 46. Qb4 Bd7 47. Qc4 Qe6 48. Qd3 h5 49. Qb1 Bb5 50. Qd1 Qc4 51. Qd8 Qf7 52. Qd6 Kg7 53. Ne1 g4 54. Nc2 g3+ 55. Kxg3 Qb3+ 56. Kh2 Qxc2 57. Qe7+ Kg6 58. Qf8 Qc4 59. Qc8 Qf7 60. Qf5+ Kh6 61. Qf3 Qg6 62. g3 Bc6 63. h4 Qxe4 64. Qxf6+ Qg6 65. Qxe5 Qc2+ 0-1

[Event "Gran Canaria Dominguez Memorial 3rd"]
[Site "Gran Canaria"]
[Date "2016.05.26"]
[Round "4"]
[White "Fernandez de la Hoz A, Carlos"]
[Black "Cruz Pino, Adrian"]
[Result "0-1"]
[WhiteElo "1699"]
[BlackElo "2087"]
[PlyCount "58"]
[EventDate "2016.05.17"]
[EventType "swiss"]
[EventRounds "7"]
[EventCountry "ESP"]
[SourceTitle "CBM 172 Extra"]
[Source "ChessBase"]
[SourceDate "2016.06.21"]
[SourceVersion "1"]
[SourceVersionDate "2016.06.21"]
[SourceQuality "1"]

1. Nf3 d5 2. g3 c6 3. d4 Bg4 4. Bg2 Nd7 5. b3 Ngf6 6. Nbd2 e6 7. 0-0 h6 8. c4 Bd6 9. Re1 Bf5 10. Nh4 Bh7 11. cxd5 exd5 12. Bb2 0-0 13. f4 Qa5 14. a3 Be7 15. b4 Qb6 16. Kh1 Ng4 17. Qb3 Ndf6 18. h3 Nf2+ 19. Kh2 N2e4 20. Nxe4 Nxe4 21. Nf3 a5 22. Ne5 Rfd8 23. b5 a4 24. Qe3 Qxb5 25. Bc3 Rac8 26. Rec1 Qb3 27. Rab1 Qxa3 28. Bxe4 Bxe4 29. Qd2 Bxb1 0-1

[Event "Gran Canaria Galdos op 1st"]
[Site "Gran Canaria"]
[Date "2016.05.05"]
[Round "6"]
[White "Rodriguez Melian, Jose Luis"]
[Black "Fernandez de la Hoz A, Carlos"]
[Result "1-0"]
[WhiteElo "2126"]
[BlackElo "1697"]
[PlyCount "75"]
[EventDate "2016.04.26"]
[EventType "swiss"]
[EventRounds "6"]
[EventCountry "ESP"]
[SourceTitle "CBM 172 Extra"]
[Source "ChessBase"]
[SourceDate "2016.06.21"]
[SourceVersion "1"]
[SourceVersionDate "2016.06.21"]
[SourceQuality "1"]

1. d4 Nf6 2. c4 g6 3. Nc3 d5 4. cxd5 Nxd5 5. e4 Nxc3 6. bxc3 Bg7 7. Be3 c5 8. Rc1 Qa5 9. Qd2 cxd4 10. cxd4 Qxd2+ 11. Kxd2 Nc6 12. Bb5 Bd7 13. Nf3 a6 14. Ba4 b5 15. Bb3 0-0 16. d5 Na5 17. Rc7 Rfd8 18. Bb6 Nxb3+ 19. axb3 a5 20. Rb7 e6 21. Bxd8 Rxd8 22. Rd1 exd5 23. Ke2 dxe4 24. Rdxd7 exf3+ 25. Kxf3 Rf8 26. Rxb5 Bc3 27. Rdb7 Kg7 28. Rb8 Rxb8 29. Rxb8 Kf6 30. Ke4 h5 31. Rb5 Bb4 32. f3 Ke6 33. Rb6+ Ke7 34. g4 hxg4 35. fxg4 f6 36. Kd5 Bd2 37. Rb7+ Kd8 38. Ke6 1-0

[Event "Gran Canaria Galdos op 1st"]
[Site "Gran Canaria"]
[Date "2016.05.04"]
[Round "5"]
[White "Guerra Aleman, Marcial"]
[Black "Fernandez de la Hoz A, Carlos"]
[Result "1/2-1/2"]
[WhiteElo "1661"]
[BlackElo "1697"]
[PlyCount "96"]
[EventDate "2016.04.26"]
[EventType "swiss"]
[EventRounds "6"]
[EventCountry "ESP"]
[SourceTitle "CBM 172 Extra"]
[Source "ChessBase"]
[SourceDate "2016.06.21"]
[SourceVersion "1"]
[SourceVersionDate "2016.06.21"]
[SourceQuality "1"]

1. d4 g6 2. e4 d6 3. Nc3 Bg7 4. Bc4 a6 5. a3 Nc6 6. Be3 e5 7. Nge2 Nf6 8. 0-0 0-0 9. h3 exd4 10. Nxd4 Ne5 11. Ba2 c5 12. Nde2 Be6 13. Bg5 h6 14. Bxf6 Qxf6 15. Bxe6 fxe6 16. Qxd6 Rac8 17. Qb6 Nc4 18. Qb3 Nd2 19. Qxb7 Nxf1 20. Rxf1 Ra8 21. Qc6 Rfc8 22. Qb6 Qe7 23. b3 Be5 24. Qa5 Bc7 25. Qa4 Rf8 26. Qc4 Kh7 27. Nd1 h5 28. Nb2 Qd6 29. g3 h4 30. e5 Qxe5 31. Qxh4+ Kg7 32. Nf4 Bd8 33. Qg4 Rxf4 34. gxf4 Qxb2 35. Qxe6 Qf6 36. Qd5 Ra7 37. Qxc5 Bb6 38. Qe5 Rf7 39. c4 Bc7 40. Qxf6+ Rxf6 41. Rd1 Rxf4 42. Rd7+ Rf7 43. Rxf7+ Kxf7 44. b4 Ke6 45. a4 Ke5 46. a5 Kd4 47. b5 Kxc4 48. bxa6 Bb8 1/2-1/2

[Event "Gran Canaria Galdos op 1st"]
[Site "Gran Canaria"]
[Date "2016.04.27"]
[Round "2"]
[White "Camino Carrio, Nicanor"]
[Black "Fernandez de la Hoz A, Carlos"]
[Result "1-0"]
[WhiteElo "1944"]
[BlackElo "1697"]
[PlyCount "43"]
[EventDate "2016.04.26"]
[EventType "swiss"]
[EventRounds "6"]
[EventCountry "ESP"]
[SourceTitle "CBM 172 Extra"]
[Source "ChessBase"]
[SourceDate "2016.06.21"]
[SourceVersion "1"]
[SourceVersionDate "2016.06.21"]
[SourceQuality "1"]

1. e4 d6 2. d4 Nf6 3. Nc3 g6 4. Be3 c6 5. Qd2 b5 6. Bd3 b4 7. Nce2 Qb6 8. h3 Bg7 9. Nf3 0-0 10. 0-0 Ba6 11. Bh6 c5 12. Bxg7 Kxg7 13. e5 Ne8 14. Bxa6 Nxa6 15. c3 Nec7 16. Ng3 cxd4 17. cxd4 Nd5 18. Qg5 Rh8 19. exd6 e6 20. Qe5+ Kh6 21. Rfe1 Qd8 22. Nh2 1-0